000
00270nam a2200109Ia 4500
008
190914s9999||||xx |||||||||||||| ||und||
100
_a
William D. Perreault
245
0
_a
Essential of Marketing
260
_a
New Delhi
_b
Bantam Books
_c
2004
300
_a
376
942
_c
BK
999
_c
9110
_d
9110